Sports Quiz

Random Sports or Golf Quiz
Score 0/50 Timer 15:00
0 Plays Today
Location Golf Course % Correct
Kiawah Island, South CarolinaThe Ocean Course
65%
Farmingdale, New YorkBethpage Black
52%
Oakmont, PennsylvaniaOakmont Country Club
50.5%
Pine Valley, New JerseyPine Valley Golf Club
34.5%
La Quinta, CaliforniaPGA West
25%
Haven, WisconsinWhistling Straits
24.5%
Ponte Vedra Beach, FloridaTPC Sawgrass
24%
Mamaroneck, New YorkWinged Foot Golf Club
15%
Kohler, WisconsinBlackwolf Run
11.5%
Bolton, MassachusettsThe International Golf Club
8%
Sanford, North CarolinaTobacco Road Golf Club
7%
Oak Brook, IllinoisButler National Golf Club
5%
Pebble Beach, CaliforniaSpyglass Hill Golf Course
4%
Noblesville, IndianaPurgatory Golf Club
4%
Asheboro, North CarolinaTot Hill Farm Golf Club
3.5%
Hobe Sound, FloridaMedalist Golf Club
3.5%
Edmond, OklahomaOak Tree Golf Club
3.5%
Zionsville, IndianaWolf Run Golf Club
3.5%
Mesquite, NevadaWolf Creek Golf Club
3.5%
Kaneohe, HawaiiKoolau Golf Club
3%
Acme, MichiganGrand Traverse Resort
2%
Glencoe, AlabamaSilver Lakes
2%
Ijamsville, MarylandP.B. Dye Golf Club
2%
Muscle Shoals, AlabamaThe Shoals
2%
Woodstock, IllinoisBull Valley Golf Club
2%
Location Golf Course % Correct
Palm Beach Gardens, FloridaOld Marsh Golf Club
1.5%
Hobe Sound, FloridaLoblolly
1.5%
Hamburg, New JerseyCrystal Springs Golf Club
1.5%
Manhattan, KansasColbert Hills Golf Course
1.5%
Scottsdale, Arizona Desert Mountain Golf Club
1%
Leawood, KansasHallbrook Golf Club
0.5%
Providence Forge, VirginiaThe Tradition at Royal New Kent
0.5%
Kiamesha Lake, New YorkThe Concord Resort & Golf Club
0.5%
Rawlins, WyomingRochelle Ranch Golf Course
0.5%
Pinehurst, North CarolinaPinehurst Resort & Country Club (No. 2)
0.5%
Lompoc, CaliforniaLa Purisima Golf Course
0.5%
Hot Springs Village, ArkansasDiamante Country Club
0.5%
Death Valley, CaliforniaFurnace Creek Golf Course
0.5%
Seaside, CaliforniaBayonet & Black Horse (Bayonet)
0%
Myrtle Beach, South CarolinaLegends (Moorland)
0%
Hoover, AlabamaRobert Trent Jones Golf Trail at Ross Bridge
0%
Cape May Court House, New JerseyStone Harbor Golf Club
0%
Coraopolis, PennsylvaniaMontour Heights Country Club
0%
Madison, OhioThunderhill Golf Course
0%
Hayward, WisconsinTeal Wing Golf Club
0%
Medinah, IllinoisMedinah Country Club (No. 3)
-0.5%
Jaffrey, New HampshireThe Shattuck Golf Club
-0.5%
New Haven, ConnecticutThe Course at Yale University
-0.5%
Stratford, ConnecticutOronoque Country Club
-0.5%
Fort Richardson, AlaskaMoose Run Golf Course (Creek)
-0.5%
Remove Ads.
Support Sporcle.
Get the best of Sporcle when you Go Orange. This ad-free experience offers more features, more stats, and more fun while also helping to support Sporcle. Thank you for becoming a member.

You're not logged in!

Compare scores with friends on all Sporcle quizzes.
OR
Log In

Show Comments

Extras

Top Quizzes Today


Score Distribution

Your Account Isn't Verified!

In order to create a playlist on Sporcle, you need to verify the email address you used during registration. Go to your Sporcle Settings to finish the process.

Report this User

Report this user for behavior that violates our Community Guidelines.

Details: